000 00255nam a22000977a 4500
100 _aSinghania,Nitin
_973263
245 _aIndian Art and Culture for Civil Services...
260 _aChennai
_bMc Graw Hill
_c2020
650 _aArt & Culture
_979731
942 _cBK
999 _c63344
_d63344